000
00233nam a2200097Ia 4500
008
190216s9999||||xx |||||||||||||| ||und||
100
_a
Sivaraman Nair
245
0
_a
Samara Samvidanam
260
_b
Kerala Basha Inst
942
_c
BK
999
_c
37683
_d
37683